[Event "Victor Ciocaltea Memorial 2011"]
[Site "Bucharest ROU"]
[Date "2011.03.29"]
[Round "5.1"]
[White "Szabo, Gergely-Andras-Gyul"]
[Black "Posedaru, Bogdan"]
[Result "1-0"]
[WhiteElo "2534"]
[BlackElo "2318"]
[PlyCount "75"]
[EventDate "2011.03.25"]
[EventType "tourn"]
[EventRounds "11"]
[EventCountry "ROM"]
[EventCategory "8"]
[Source "lmi"]
[SourceDate "2011.03.28"]

1. d4 d5 2. c4 e6 3. Nf3 c6 4. e3 f5 5. Bd3 Nf6 6. O-O Bd6 7. b3 Qe7 8. Bb2 O-O
9. Qc1 b6 10. Ba3 Bxa3 11. Nxa3 Ba6 12. Rd1 Nbd7 13. Qb2 Bb7 14. cxd5 Nxd5 15.
Nc4 c5 16. Nfe5 cxd4 17. Nxd7 Qxd7 18. Qxd4 Rfd8 19. Rac1 Qe7 20. Qe5 Qf6 21.
Be2 Rac8 22. Bf3 Ba8 23. h3 b5 24. Qxf6 gxf6 25. Na5 b4 26. Rc4 Kf8 27. Bxd5
Rxc4 28. bxc4 exd5 29. c5 Rc8 30. Nb3 a5 31. Nxa5 Rxc5 32. Nb3 Rc2 33. Rd4 Rxa2
34. Rxb4 Rb2 35. Rb8+ Kf7 36. Rxa8 Rxb3 37. Ra7+ Kg6 38. Ra4 1-0

[Event "Victor Ciocaltea Memorial 2011"]
[Site "Bucharest ROU"]
[Date "2011.03.29"]
[Round "5.2"]
[White "Shishkin, Vadim"]
[Black "Leniart, Arkadiusz"]
[Result "1/2-1/2"]
[WhiteElo "2449"]
[BlackElo "2442"]
[PlyCount "57"]
[EventDate "2011.03.25"]
[EventType "tourn"]
[EventRounds "11"]
[EventCountry "ROM"]
[EventCategory "8"]
[Source "lmi"]
[SourceDate "2011.03.28"]

1. d4 d5 2. c4 e6 3. Nc3 Nf6 4. cxd5 exd5 5. Bg5 c6 6. e3 Be7 7. Bd3 Bg4 8. Qc2
Bh5 9. Nf3 Bg6 10. Bxg6 hxg6 11. O-O-O Nbd7 12. Kb1 Qa5 13. Ne5 Bb4 14. Nxd7
Kxd7 15. Bxf6 gxf6 16. Ne2 Bd6 17. h4 Rh6 18. g3 Re8 19. Nc1 Qd8 20. Nd3 Qe7
21. Qb3 Kc7 22. Rc1 Qe4 23. Rhd1 g5 24. hxg5 fxg5 25. a3 f5 26. Ka2 Reh8 27.
Rg1 Rh1 28. Rxh1 Rxh1 29. Rxh1 1/2-1/2

[Event "Victor Ciocaltea Memorial 2011"]
[Site "Bucharest ROU"]
[Date "2011.03.29"]
[Round "5.3"]
[White "Murariu, Andrei"]
[Black "Baratosi, Daniel"]
[Result "0-1"]
[WhiteElo "2503"]
[BlackElo "2390"]
[PlyCount "60"]
[EventDate "2011.03.25"]
[EventType "tourn"]
[EventRounds "11"]
[EventCountry "ROM"]
[EventCategory "8"]
[Source "lmi"]
[SourceDate "2011.03.28"]

1. e4 c5 2. c3 e5 3. Nf3 Nc6 4. Bc4 Be7 5. O-O Nf6 6. d4 cxd4 7. cxd4 d6 8. d5
Nb8 9. Nc3 O-O 10. h3 Nbd7 11. Be3 a6 12. a4 b6 13. Nd2 Ne8 14. g3 g6 15. f4
Ng7 16. Nf3 Bf6 17. Kh2 Re8 18. Bd3 exf4 19. gxf4 Nc5 20. Nd4 Bxd4 21. Bxd4 Qh4
22. Qf3 Bxh3 23. Qxh3 Qxh3+ 24. Kxh3 Nxd3 25. Bxb6 Nxb2 26. e5 Nc4 27. Bc7 Rec8
28. exd6 Nb2 29. Kh2 Rd8 30. Rab1 Rxd6 0-1

[Event "Victor Ciocaltea Memorial 2011"]
[Site "Bucharest ROU"]
[Date "2011.03.29"]
[Round "5.4"]
[White "Thesing, Matthias"]
[Black "Miron, Lucian-Costin"]
[Result "0-1"]
[WhiteElo "2423"]
[BlackElo "2501"]
[PlyCount "90"]
[EventDate "2011.03.25"]
[EventType "tourn"]
[EventRounds "11"]
[EventCountry "ROM"]
[EventCategory "8"]
[Source "lmi"]
[SourceDate "2011.03.28"]

1. e4 e5 2. Nf3 Nc6 3. Bb5 a6 4. Ba4 Nf6 5. O-O Be7 6. Nc3 b5 7. Bb3 d6 8. Nd5
Na5 9. Nxe7 Qxe7 10. d3 O-O 11. Bd2 Nxb3 12. axb3 Nd7 13. Qe2 Bb7 14. Rae1 Rae8
15. g3 f5 16. Nh4 fxe4 17. dxe4 Qe6 18. f3 d5 19. exd5 Bxd5 20. Be3 Rf7 21. Rd1
Ref8 22. Rf2 Bc6 23. Rdf1 Qf6 24. Qd2 h6 25. Qc3 Qe6 26. Bc1 Rf6 27. Qe3 Bb7
28. Bd2 Qc6 29. Bb4 R8f7 30. g4 Rf4 31. Qc3 Rxg4+ 32. Ng2 Rg6 33. Qxc6 Bxc6 34.
Bc3 Rg5 35. Bd2 Rgf5 36. Ne1 Nf8 37. Kg2 Ne6 38. Kg3 R7f6 39. h3 Nd4 40. b4 Bd7
41. h4 Rg6+ 42. Kh2 Rh5 43. Ng2 Nf5 44. Rh1 Nxh4 45. Kg1 Rxg2+ 0-1

[Event "Victor Ciocaltea Memorial 2011"]
[Site "Bucharest ROU"]
[Date "2011.03.29"]
[Round "5.5"]
[White "Georgescu, Tiberiu-Marian"]
[Black "Tazbir, Marcin"]
[Result "0-1"]
[WhiteElo "2388"]
[BlackElo "2527"]
[PlyCount "112"]
[EventDate "2011.03.25"]
[EventType "tourn"]
[EventRounds "11"]
[EventCountry "ROM"]
[EventCategory "8"]
[Source "lmi"]
[SourceDate "2011.03.28"]

1. c4 e5 2. g3 f5 3. d4 d6 4. Bg2 Nf6 5. dxe5 dxe5 6. Qxd8+ Kxd8 7. Nf3 e4 8.
Ng5 Ke8 9. Nc3 h6 10. Nh3 g5 11. f3 exf3 12. exf3 c6 13. b3 Kf7 14. f4 Bb4 15.
Bd2 Re8+ 16. Kd1 Ng4 17. Re1 Rxe1+ 18. Kxe1 gxf4 19. Nxf4 Nxh2 20. Nd3 Bf8 21.
Ke2 Nd7 22. Bh3 Nf6 23. Ne5+ Ke6 24. Ng6 Bg7 25. Rh1 Nfg4 26. Nf4+ Kf7 27. Nh5
Bh8 28. Na4 Bd7 29. Bxg4 Re8+ 30. Kd3 Nxg4 31. Rf1 Be5 32. Nc5 Bc8 33. Kc2 Bd4
34. Nd3 Re2 35. Kd1 Rh2 36. Nhf4 Ne3+ 37. Bxe3 Bxe3 38. Ne5+ Kg7 39. Rf3 Bd4
40. Ned3 Rxa2 41. Nb4 Ra1+ 42. Kd2 Bf6 43. Nc2 Rg1 44. Ne3 Rh1 45. Nf1 Bd4 46.
Ke2 a5 47. Kd3 Be5 48. Ke3 Kf6 49. Rf2 c5 50. Kf3 Bd4 51. Kg2 Bxf2 52. Kxh1 Bd4
53. Kg2 Bd7 54. Nd5+ Ke5 55. Nd2 Bc6 56. Nf3+ Kd6 0-1

[Event "Victor Ciocaltea Memorial 2011"]
[Site "Bucharest ROU"]
[Date "2011.03.29"]
[Round "5.6"]
[White "Grigore, George-Gabriel"]
[Black "Soltanici, Ruslan"]
[Result "1/2-1/2"]
[WhiteElo "2528"]
[BlackElo "2373"]
[PlyCount "61"]
[EventDate "2011.03.25"]
[EventType "tourn"]
[EventRounds "11"]
[EventCountry "ROM"]
[EventCategory "8"]
[Source "lmi"]
[SourceDate "2011.03.28"]

1. d4 Nf6 2. c4 e6 3. Nc3 Bb4 4. Qc2 O-O 5. a3 Bxc3+ 6. Qxc3 b6 7. Bg5 Bb7 8.
e3 d6 9. Ne2 Nbd7 10. Qc2 c5 11. Rd1 Qe7 12. Nc3 cxd4 13. Rxd4 h6 14. Bh4 Rac8
15. f3 d5 16. cxd5 exd5 17. Bf2 Nc5 18. Be2 Ne6 19. Rd2 d4 20. exd4 Nf4 21. O-O
N6d5 22. Nxd5 Bxd5 23. Qd1 Qg5 24. Bg3 Nxe2+ 25. Rxe2 Rfe8 26. Rxe8+ Rxe8 27.
Qc1 Re2 28. Qxg5 hxg5 29. Rf2 Re1+ 30. Rf1 Re2 31. Rf2 1/2-1/2

[Event "Victor Ciocaltea Memorial 2011"]
[Site "Bucharest ROU"]
[Date "2011.03.30"]
[Round "6.1"]
[White "Posedaru, Bogdan"]
[Black "Soltanici, Ruslan"]
[Result "1-0"]
[WhiteElo "2318"]
[BlackElo "2373"]
[PlyCount "67"]
[EventDate "2011.03.25"]
[EventType "tourn"]
[EventRounds "11"]
[EventCountry "ROM"]
[EventCategory "8"]
[Source "lmi"]
[SourceDate "2011.03.28"]

1. d4 Nf6 2. c4 e6 3. Nc3 Bb4 4. f3 O-O 5. a3 Bxc3+ 6. bxc3 Nh5 7. Nh3 f5 8. e3
d6 9. Be2 Nc6 10. O-O Qe8 11. Nf2 b6 12. g4 fxg4 13. fxg4 Nf6 14. Qc2 Bb7 15.
g5 Nd7 16. e4 e5 17. Qd3 Ba6 18. Bg4 Rd8 19. Nd1 Rxf1+ 20. Kxf1 Qf7+ 21. Kg1
exd4 22. cxd4 Bxc4 23. Qh3 Nxd4 24. Ne3 Rf8 25. Bf5 Nxf5 26. exf5 Bd3 27. f6
gxf6 28. Ng4 Qd5 29. Be3 f5 30. Nh6+ Kh8 31. g6 f4 32. Nf5 Rf7 33. Bd4+ Ne5 34.
gxf7 1-0

[Event "Victor Ciocaltea Memorial 2011"]
[Site "Bucharest ROU"]
[Date "2011.03.30"]
[Round "6.2"]
[White "Tazbir, Marcin"]
[Black "Grigore, George-Gabriel"]
[Result "1-0"]
[WhiteElo "2527"]
[BlackElo "2528"]
[PlyCount "107"]
[EventDate "2011.03.25"]
[EventType "tourn"]
[EventRounds "11"]
[EventCountry "ROM"]
[EventCategory "8"]
[Source "lmi"]
[SourceDate "2011.03.28"]

1. e4 c5 2. Nc3 Nc6 3. Bb5 Nd4 4. Bc4 Nf6 5. Nge2 e6 6. O-O a6 7. d3 b5 8. Bb3
Nxb3 9. axb3 Bb7 10. e5 Ng4 11. f4 f5 12. h3 Nh6 13. Be3 Be7 14. d4 cxd4 15.
Qxd4 Qc7 16. Rad1 Qc6 17. Rf2 Bh4 18. Rf3 O-O 19. Bf2 Be7 20. Rg3 Rfd8 21. Rd2
Nf7 22. Qb6 Rab8 23. Qxc6 Bxc6 24. Nd4 Ba8 25. Rgd3 Kf8 26. Re3 g5 27. g3 h5
28. Nce2 Kg7 29. Rd1 Kh6 30. Kf1 Nh8 31. Nf3 gxf4 32. gxf4 Ng6 33. Ng5 Bxg5 34.
fxg5+ Kh7 35. Rc3 Bc6 36. Rc5 Rbc8 37. Rd6 Rf8 38. b4 Nh8 39. Nf4 Rg8 40. Nxh5
Rxg5 41. Nf6+ Kg7 42. Bh4 Rg6 43. Nxd7 Bg2+ 44. Kf2 Ra8 45. Rc7 Nf7 46. Nc5
Bxh3 47. Rxe6 Rg2+ 48. Ke3 Kg8 49. Ree7 Nh6 50. Bf6 Rg3+ 51. Kf4 Rg4+ 52. Kf3
Bg2+ 53. Kf2 Bd5 54. Rh7 1-0

[Event "Victor Ciocaltea Memorial 2011"]
[Site "Bucharest ROU"]
[Date "2011.03.30"]
[Round "6.3"]
[White "Miron, Lucian-Costin"]
[Black "Georgescu, Tiberiu-Marian"]
[Result "1-0"]
[WhiteElo "2501"]
[BlackElo "2388"]
[PlyCount "76"]
[EventDate "2011.03.25"]
[EventType "tourn"]
[EventRounds "11"]
[EventCountry "ROM"]
[EventCategory "8"]
[Source "lmi"]
[SourceDate "2011.03.28"]

1. d4 Nf6 2. c4 g6 3. Nf3 Bg7 4. g3 O-O 5. Bg2 c6 6. O-O d6 7. Nc3 Qa5 8. e4 e5
9. h3 Nbd7 10. Re1 exd4 11. Nxd4 Ne5 12. Bf1 Re8 13. Be3 c5 14. Nf3 Nxf3+ 15.
Qxf3 Nd7 16. Qd1 Ne5 17. Kg2 Be6 18. Nd5 Nc6 19. Bf4 Qd8 20. Kh2 Nd4 21. Nc3 h5
22. Be3 h4 23. g4 g5 24. Kg2 Be5 25. Qd2 Qf6 26. Be2 Nxe2 27. Nxe2 Bxg4 28.
hxg4 h3+ 29. Kf1 Qf3 30. Ng1 Qxg4 31. f3 Qg3 32. Nxh3 Qxh3+ 33. Qg2 Qxg2+ 34.
Kxg2 f6 35. Rab1 Kf7 36. b3 Rh8 37. Rh1 a6 38. a4 Ke6 1-0

[Event "Victor Ciocaltea Memorial 2011"]
[Site "Bucharest ROU"]
[Date "2011.03.30"]
[Round "6.4"]
[White "Baratosi, Daniel"]
[Black "Thesing, Matthias"]
[Result "1-0"]
[WhiteElo "2390"]
[BlackElo "2423"]
[PlyCount "67"]
[EventDate "2011.03.25"]
[EventType "tourn"]
[EventRounds "11"]
[EventCountry "ROM"]
[EventCategory "8"]
[Source "lmi"]
[SourceDate "2011.03.28"]

1. e4 e6 2. d4 d5 3. Nd2 c5 4. exd5 Qxd5 5. Ngf3 cxd4 6. Bc4 Qd6 7. O-O Nf6 8.
Nb3 Nc6 9. Nbxd4 Nxd4 10. Nxd4 a6 11. Bd3 Bd7 12. Nf3 O-O-O 13. Qe2 Qc7 14. Ne5
Be8 15. Re1 Bd6 16. g3 Nd5 17. a3 h5 18. Nc4 Be7 19. Qe5 h4 20. Qxc7+ Kxc7 21.
Be4 hxg3 22. hxg3 g5 23. Bg2 Rh7 24. Bd2 b6 25. Ne5 Nf4 26. Bxf4 gxf4 27. gxf4
Rd4 28. Re3 Rxf4 29. Rc3+ Kb8 30. Rd1 Rg7 31. b4 f5 32. Rg3 Bf6 33. Rd8+ Kc7
34. Rxe8 1-0

[Event "Victor Ciocaltea Memorial 2011"]
[Site "Bucharest ROU"]
[Date "2011.03.30"]
[Round "6.5"]
[White "Leniart, Arkadiusz"]
[Black "Murariu, Andrei"]
[Result "0-1"]
[WhiteElo "2442"]
[BlackElo "2503"]
[PlyCount "94"]
[EventDate "2011.03.25"]
[EventType "tourn"]
[EventRounds "11"]
[EventCountry "ROM"]
[EventCategory "8"]
[Source "lmi"]
[SourceDate "2011.03.28"]

1. d4 d5 2. c4 c6 3. Nf3 Nf6 4. Nc3 a6 5. c5 Nbd7 6. Bf4 Nh5 7. Be3 g6 8. Qd2
Bg7 9. Bh6 O-O 10. Bxg7 Kxg7 11. e4 dxe4 12. Nxe4 Qc7 13. Bc4 Ndf6 14. Nxf6
exf6 15. O-O Bg4 16. Qc3 Nf4 17. g3 Nh3+ 18. Kg2 Qd7 19. Rfd1 Rad8 20. Rd2
Bxf3+ 21. Qxf3 Ng5 22. Qd1 Rfe8 23. Kg1 Re4 24. Be2 Rxd4 25. Rxd4 Qxd4 26. Qxd4
Rxd4 27. Rd1 Ne6 28. Rxd4 Nxd4 29. Bc4 a5 30. f4 Ne6 31. Bxe6 fxe6 32. Kf2 Kh6
33. Kf3 g5 34. b3 Kg6 35. Ke4 h5 36. a3 h4 37. g4 gxf4 38. Kxf4 e5+ 39. Kf3 f5
40. h3 Kg5 41. gxf5 Kxf5 42. Ke3 e4 43. Ke2 Kf4 44. Kf2 e3+ 45. Ke2 Ke4 46. Ke1
Kf3 47. Kf1 Kg3 0-1

[Event "Victor Ciocaltea Memorial 2011"]
[Site "Bucharest ROU"]
[Date "2011.03.31"]
[Round "7.1"]
[White "Shishkin, Vadim"]
[Black "Posedaru, Bogdan"]
[Result "1-0"]
[WhiteElo "2449"]
[BlackElo "2318"]
[PlyCount "62"]
[EventDate "2011.03.25"]
[EventType "tourn"]
[EventRounds "11"]
[EventCountry "ROM"]
[EventCategory "8"]
[Source "lmi"]
[SourceDate "2011.03.28"]

1. d4 d5 2. c4 e6 3. Nf3 c6 4. Nbd2 Nf6 5. e3 Bd6 6. b3 Nbd7 7. Bb2 O-O 8. Bd3
Qe7 9. Ne5 c5 10. O-O cxd4 11. exd4 Re8 12. f4 a5 13. c5 Bc7 14. Qc2 Nb8 15.
Ndf3 h6 16. g4 Bxe5 17. fxe5 Ne4 18. Bxe4 dxe4 19. Qxe4 Bd7 20. Qf4 Bc6 21. Qg3
Be4 22. Rae1 Bg6 23. h4 Nc6 24. h5 Bd3 25. Rf2 Rad8 26. Nd2 Bh7 27. Nc4 Nb4 28.
Ref1 Rf8 29. Nd6 Nd3 30. Rd2 Qg5 31. Rxd3 Bxd3 1-0

[Event "Victor Ciocaltea Memorial 2011"]
[Site "Bucharest ROU"]
[Date "2011.03.31"]
[Round "7.2"]
[White "Murariu, Andrei"]
[Black "Szabo, Gergely-Andras-Gyul"]
[Result "1/2-1/2"]
[WhiteElo "2503"]
[BlackElo "2534"]
[PlyCount "23"]
[EventDate "2011.03.25"]
[EventType "tourn"]
[EventRounds "11"]
[EventCountry "ROM"]
[EventCategory "8"]
[Source "lmi"]
[SourceDate "2011.03.28"]

1. e4 c5 2. Nc3 Nc6 3. g3 g6 4. Bg2 Bg7 5. d3 e6 6. Be3 Nd4 7. Nge2 Ne7 8. O-O
O-O 9. Qd2 d6 10. Nd1 Rb8 11. c3 Nxe2+ 12. Qxe2 1/2-1/2

[Event "Victor Ciocaltea Memorial 2011"]
[Site "Bucharest ROU"]
[Date "2011.03.31"]
[Round "7.3"]
[White "Thesing, Matthias"]
[Black "Leniart, Arkadiusz"]
[Result "1/2-1/2"]
[WhiteElo "2423"]
[BlackElo "2442"]
[PlyCount "138"]
[EventDate "2011.03.25"]
[EventType "tourn"]
[EventRounds "11"]
[EventCountry "ROM"]
[EventCategory "8"]
[Source "lmi"]
[SourceDate "2011.03.28"]

1. e4 c5 2. Nc3 d6 3. Bb5+ Nc6 4. Bxc6+ bxc6 5. f4 d5 6. d3 e6 7. Nf3 Ba6 8.
O-O c4 9. d4 Bb4 10. Ne5 Qc7 11. f5 Nf6 12. fxe6 fxe6 13. Rxf6 gxf6 14. Qh5+
Kd8 15. Nf7+ Kd7 16. Nxh8 Rxh8 17. Qf7+ Be7 18. Na4 Kd8 19. Bh6 Re8 20. exd5
exd5 21. Re1 Qa5 22. c3 Qxa4 23. Bf8 c5 24. Bxe7+ Kc8 25. Qe6+ Kb7 26. Qxd5+
Qc6 27. Qxc6+ Kxc6 28. Re6+ Kb5 29. a4+ Ka5 30. d5 Bb7 31. d6 Bc6 32. Rxf6 Kxa4
33. Rf5 Kb5 34. g4 Bd7 35. Rf4 Rb8 36. g5 Kc6 37. Rf2 a5 38. h4 a4 39. Rd2 Bf5
40. Kf2 Rb3 41. Bf6 Bd3 42. h5 Kxd6 43. Ke3 Rb8 44. Kf4 Re8 45. g6 hxg6 46. h6
g5+ 47. Kxg5 Ke6 48. Rh2 Rf8 49. Bg7 Rf5+ 50. Kg4 Rf7 51. Kg3 Rb7 52. Kf4 Rf7+
53. Ke3 Bh7 54. Rh4 Kd5 55. Rh5+ Rf5 56. Rh1 Rf7 57. Ra1 Bc2 58. Rh1 Bh7 59.
Rd1+ Ke6 60. Rd8 Rd7 61. Ra8 Bc2 62. Ra5 Rd5 63. Bf8 Re5+ 64. Kd2 Bd3 65. Bxc5
Re2+ 66. Kd1 Rxb2 67. Rxa4 Bc2+ 68. Kc1 Bxa4 69. Kxb2 Kf7 1/2-1/2

[Event "Victor Ciocaltea Memorial 2011"]
[Site "Bucharest ROU"]
[Date "2011.03.31"]
[Round "7.4"]
[White "Georgescu, Tiberiu-Marian"]
[Black "Baratosi, Daniel"]
[Result "1/2-1/2"]
[WhiteElo "2388"]
[BlackElo "2390"]
[PlyCount "43"]
[EventDate "2011.03.25"]
[EventType "tourn"]
[EventRounds "11"]
[EventCountry "ROM"]
[EventCategory "8"]
[Source "lmi"]
[SourceDate "2011.03.28"]

1. Nf3 Nf6 2. c4 e6 3. d4 d5 4. Nc3 Be7 5. Bg5 h6 6. Bh4 Ne4 7. Bxe7 Qxe7 8.
Rc1 O-O 9. e3 c6 10. Bd3 Nxc3 11. Rxc3 dxc4 12. Bxc4 Nd7 13. O-O e5 14. Bb3 Rd8
15. Re1 exd4 16. exd4 Qd6 17. Rce3 Nf8 18. Ne5 Be6 19. Qh5 Bxb3 20. Rxb3 Qe7
21. Rbe3 Rd5 22. Qg4 1/2-1/2

[Event "Victor Ciocaltea Memorial 2011"]
[Site "Bucharest ROU"]
[Date "2011.03.31"]
[Round "7.5"]
[White "Grigore, George-Gabriel"]
[Black "Miron, Lucian-Costin"]
[Result "0-1"]
[WhiteElo "2528"]
[BlackElo "2501"]
[PlyCount "56"]
[EventDate "2011.03.25"]
[EventType "tourn"]
[EventRounds "11"]
[EventCountry "ROM"]
[EventCategory "8"]
[Source "lmi"]
[SourceDate "2011.03.28"]

1. d4 d5 2. c4 e6 3. Nc3 c5 4. cxd5 cxd4 5. Qa4+ Bd7 6. Qxd4 exd5 7. Qxd5 Nc6
8. Nf3 Nf6 9. Qb3 Be6 10. Qa4 a6 11. Be3 b5 12. Qd1 Qc7 13. Bg5 Be7 14. e3 b4
15. Na4 Qa5 16. b3 O-O 17. Be2 Rfd8 18. Qb1 h6 19. Bh4 g5 20. Bg3 Bf5 21. Qb2
Ne4 22. O-O Bf6 23. Qc1 Rac8 24. Bc4 Nxg3 25. hxg3 Ne5 26. Nxe5 Bxe5 27. Rb1
Bxb1 28. Qxb1 Rxc4 0-1

[Event "Victor Ciocaltea Memorial 2011"]
[Site "Bucharest ROU"]
[Date "2011.04.01"]
[Round "8.1"]
[White "Posedaru, Bogdan"]
[Black "Tazbir, Marcin"]
[Result "1/2-1/2"]
[WhiteElo "2318"]
[BlackElo "2527"]
[PlyCount "168"]
[EventDate "2011.03.25"]
[EventType "tourn"]
[EventRounds "11"]
[EventCountry "ROM"]
[EventCategory "8"]
[Source "lmi"]
[SourceDate "2011.03.28"]

1. d4 Nf6 2. c4 g6 3. Nc3 d5 4. Nf3 Bg7 5. e3 O-O 6. b4 c6 7. Bb2 Ne4 8. Bd3
Nxc3 9. Bxc3 dxc4 10. Bxc4 Nd7 11. O-O Nb6 12. Bb3 Qd6 13. a3 Bf5 14. Qe2 Be6
15. Nd2 Bxb3 16. Nxb3 Na4 17. Rac1 Nxc3 18. Rxc3 e5 19. dxe5 Qxe5 20. Rd3 b6
21. Rc1 Rac8 22. Rd2 Rc7 23. Rdc2 Rd8 24. Nd4 c5 25. bxc5 bxc5 26. Nb5 Rb7 27.
Rxc5 Qb2 28. R1c2 Qb1+ 29. Rc1 Qb2 30. R1c2 Qb3 31. g3 Bf8 32. Nd4 Qxa3 33. Rc7
Rd7 34. Rxd7 Rxd7 35. Qb5 Qd6 36. Rc6 Qe7 37. Rc8 Rd8 38. Rc4 Qd7 39. Qa6 Rb8
40. Ra4 Rb1+ 41. Kg2 Qd5+ 42. Nf3 Qd1 43. Ne5 Qd5+ 44. Nf3 Qb7 45. Qxa7 Qd5 46.
Qd4 Qb5 47. Qc4 Qb7 48. Qe4 Qb5 49. Rc4 Rb4 50. Rxb4 Bxb4 51. h4 Bf8 52. Ng5 h6
53. Nf3 h5 54. Qe5 Qd7 55. Qf4 Qe8 56. Nd4 Bg7 57. Ne2 Qb5 58. Qf3 Be5 59. Ng1
Kg7 60. Qe4 Bf6 61. Nh3 Qd7 62. Nf4 Qg4 63. Qf3 Qd7 64. e4 Qd2 65. Qe2 Qd4 66.
Qd3 Qb2 67. Qe2 Qa1 68. Nd3 Qa8 69. Qf3 Qa1 70. Qe2 Qa8 71. Kh2 Bd4 72. Ne1 Qa7
73. Kg2 Qb7 74. Nf3 Bf6 75. e5 Be7 76. Kh2 Qd5 77. Ne1 Qe6 78. Nd3 f6 79. exf6+
Qxf6 80. Qe5 Qxe5 81. Nxe5 Kf6 82. f4 Kf5 83. Kg2 Bxh4 84. gxh4 Kxf4 1/2-1/2

[Event "Victor Ciocaltea Memorial 2011"]
[Site "Bucharest ROU"]
[Date "2011.04.01"]
[Round "8.2"]
[White "Miron, Lucian-Costin"]
[Black "Soltanici, Ruslan"]
[Result "1-0"]
[WhiteElo "2501"]
[BlackElo "2373"]
[PlyCount "49"]
[EventDate "2011.03.25"]
[EventType "tourn"]
[EventRounds "11"]
[EventCountry "ROM"]
[EventCategory "8"]
[Source "lmi"]
[SourceDate "2011.03.28"]

1. d4 Nf6 2. c4 e6 3. Nc3 Bb4 4. Qc2 O-O 5. e4 d6 6. a3 Bxc3+ 7. bxc3 Nfd7 8.
Bd3 e5 9. Ne2 Nc6 10. O-O b6 11. f4 Ba6 12. f5 Na5 13. f6 gxf6 14. Bh6 Re8 15.
c5 Bxd3 16. Qxd3 Kh8 17. c6 Nxc6 18. Qc4 Na5 19. Qxf7 Rg8 20. Ng3 Qe8 21. Rxf6
Rg6 22. Nf5 Qxf7 23. Rxf7 Rd8 24. Rf1 exd4 25. cxd4 1-0

[Event "Victor Ciocaltea Memorial 2011"]
[Site "Bucharest ROU"]
[Date "2011.04.01"]
[Round "8.3"]
[White "Baratosi, Daniel"]
[Black "Grigore, George-Gabriel"]
[Result "1/2-1/2"]
[WhiteElo "2390"]
[BlackElo "2528"]
[PlyCount "22"]
[EventDate "2011.03.25"]
[EventType "tourn"]
[EventRounds "11"]
[EventCountry "ROM"]
[EventCategory "8"]
[Source "lmi"]
[SourceDate "2011.03.28"]

1. e4 c5 2. Nf3 Nc6 3. c3 d5 4. exd5 Qxd5 5. d4 e6 6. Na3 Qd8 7. Bg5 Nf6 8.
dxc5 Qxd1+ 9. Rxd1 Bxc5 10. Nc4 Nd5 11. Bd3 f6 1/2-1/2

[Event "Victor Ciocaltea Memorial 2011"]
[Site "Bucharest ROU"]
[Date "2011.04.01"]
[Round "8.4"]
[White "Leniart, Arkadiusz"]
[Black "Georgescu, Tiberiu-Marian"]
[Result "1-0"]
[WhiteElo "2442"]
[BlackElo "2388"]
[PlyCount "123"]
[EventDate "2011.03.25"]
[EventType "tourn"]
[EventRounds "11"]
[EventCountry "ROM"]
[EventCategory "8"]
[Source "lmi"]
[SourceDate "2011.03.28"]

1. c4 g6 2. Nc3 Bg7 3. d4 Nf6 4. e4 d6 5. f4 O-O 6. Nf3 c5 7. dxc5 Qa5 8. Bd3
Qxc5 9. Qe2 Nc6 10. Be3 Qa5 11. O-O Bg4 12. Rac1 Nd7 13. Qf2 Bxf3 14. gxf3 Nc5
15. Bb1 Na4 16. Nxa4 Qxa4 17. b3 Qa3 18. Kh1 b6 19. Rcd1 Bc3 20. Bc1 Qc5 21.
Be3 Qa3 22. Rd5 Qb2 23. Qg1 Bb4 24. e5 e6 25. Rf2 Qa3 26. Bc1 Qa6 27. Rxd6 Bxd6
28. exd6 Rfd8 29. Rd2 Qa5 30. Be4 Rac8 31. Qe3 Qc5 32. Qc3 Rxd6 33. Bb2 e5 34.
Rxd6 Qxd6 35. fxe5 Qd1+ 36. Kg2 Rd8 37. Bd5 Qe2+ 38. Kg1 Qd1+ 39. Kg2 Qe2+ 40.
Kg1 Qd1+ 41. Kf2 Rxd5 42. cxd5 Qxd5 43. e6 Qc5+ 44. Qxc5 bxc5 45. Ba3 fxe6 46.
Bxc5 Kf7 47. b4 a6 48. Ke3 e5 49. Kd3 Ke6 50. Kc4 Nb8 51. a4 Nd7 52. b5 axb5+
53. Kxb5 Kd5 54. Bb6 Nb8 55. a5 Kd6 56. Bc5+ Kd5 57. Be3 Nc6 58. a6 Kd6 59. Kb6
Kd5 60. Bh6 Ne7 61. Bf8 Nc6 62. h3 1-0

[Event "Victor Ciocaltea Memorial 2011"]
[Site "Bucharest ROU"]
[Date "2011.04.01"]
[Round "8.5"]
[White "Szabo, Gergely-Andras-Gyul"]
[Black "Thesing, Matthias"]
[Result "1/2-1/2"]
[WhiteElo "2534"]
[BlackElo "2423"]
[PlyCount "25"]
[EventDate "2011.03.25"]
[EventType "tourn"]
[EventRounds "11"]
[EventCountry "ROM"]
[EventCategory "8"]
[Source "lmi"]
[SourceDate "2011.03.28"]

1. Nf3 Nf6 2. g3 d5 3. Bg2 c6 4. d4 Bf5 5. O-O Nbd7 6. b3 e6 7. c4 Be7 8. Nc3
Ne4 9. Bb2 O-O 10. e3 b5 11. Qe2 bxc4 12. bxc4 Rb8 13. Nxe4 1/2-1/2

[Event "Victor Ciocaltea Memorial 2011"]
[Site "Bucharest ROU"]
[Date "2011.04.01"]
[Round "8.6"]
[White "Shishkin, Vadim"]
[Black "Murariu, Andrei"]
[Result "1/2-1/2"]
[WhiteElo "2449"]
[BlackElo "2503"]
[PlyCount "25"]
[EventDate "2011.03.25"]
[EventType "tourn"]
[EventRounds "11"]
[EventCountry "ROM"]
[EventCategory "8"]
[Source "lmi"]
[SourceDate "2011.03.28"]

1. d4 d5 2. c4 c6 3. Nc3 Nf6 4. Nf3 dxc4 5. a4 Bf5 6. Ne5 Nbd7 7. Nxc4 Qc7 8.
g3 e5 9. dxe5 Nxe5 10. Bf4 Nfd7 11. Bg2 g5 12. Ne3 gxf4 13. Nxf5 1/2-1/2

[Event "Victor Ciocaltea Memorial 2011"]
[Site "Bucharest ROU"]
[Date "2011.04.02"]
[Round "9.1"]
[White "Murariu, Andrei"]
[Black "Posedaru, Bogdan"]
[Result "1-0"]
[WhiteElo "2503"]
[BlackElo "2318"]
[PlyCount "81"]
[EventDate "2011.03.25"]
[EventType "tourn"]
[EventRounds "11"]
[EventCountry "ROM"]
[EventCategory "8"]
[Source "lmi"]
[SourceDate "2011.03.28"]

1. e4 e5 2. d4 exd4 3. c3 d5 4. exd5 Qxd5 5. cxd4 Nf6 6. Nc3 Qd8 7. Nf3 Be7 8.
Bc4 O-O 9. h3 Nc6 10. a3 Bf5 11. O-O Ne4 12. Re1 Nxc3 13. bxc3 Bf6 14. Bf4 Rc8
15. Ba2 h6 16. Qe2 Qd7 17. Qb5 b6 18. a4 a5 19. g4 Bg6 20. Bd5 Nb8 21. Qxd7
Nxd7 22. Bb7 Rb8 23. Ba6 Ra8 24. Bb5 Rad8 25. Bxc7 Rc8 26. Bd6 Rfd8 27. Rac1
Nf8 28. Ba3 Ne6 29. h4 Nf4 30. Kh2 Rd5 31. Kg3 Nd3 32. Bxd3 Bxd3 33. Be7 Rc4
34. g5 Bxe7 35. Rxe7 hxg5 36. Re8+ Kh7 37. hxg5 f6 38. gxf6 gxf6 39. Re7+ Kg8
40. Rb7 Be4 41. Rb8+ 1-0